000 00430nam a2200157 i 4500
001 bg
100 1 _aBOJARSKI, Włodzimierz W.
245 0 _aPrzykładowe zastosowania analizy i inżynierii systemów /
_cWłodzimierz W. Bojarski.
260 _aWarszawa :
_bPWN,
_c1984.
500 _a62:007:519.8.
040 _cBPK
041 _apol
080 _aTeoria systemów
942 _cKS
008 s pl f |000 0 pol
999 _c22847
_d22847
856 _uhttp://koha.tu.koszalin.pl/cgi-bin/koha/opac-detail.pl?biblionumber=22847
_yKatalog online BPK